|
|
|
|
| LEADER |
00000nam0a2200000 4500 |
| 001 |
276535 |
| 005 |
20231101234929.0 |
| 035 |
|
|
|a (RuTPU)RU\TPU\book\299807
|
| 090 |
|
|
|a 276535
|
| 100 |
|
|
|a 20141124d1911 m y0rusy50 ca
|
| 101 |
1 |
|
|a rus
|c ger
|
| 102 |
|
|
|a RU
|a UA
|
| 105 |
|
|
|a a j 001zy
|
| 200 |
1 |
|
|a Техническая термодинамика
|e важнейшие для машиностроения сведения из области газов и паров и основы механической теории тепла
|f В. Шюле
|g разрешенный автором перевод с нем. под ред. и с примечаниями И. М. Ганицкого
|
| 210 |
|
|
|a Петербург
|a Киев
|c Книгоиздательство "Сотрудник"
|d 1911
|
| 215 |
|
|
|a 334 с.
|c с 118 фигурами в тексте и 4 табл.
|
| 300 |
|
|
|a Авт. и загл. указаны на корешке
|
| 300 |
|
|
|a Текст в русской дореформенной орфографии
|
| 316 |
|
|
|5 63413507: М-133102
|a Владельческая подпись, штамп-экслибрис, карандашные пометы в тексте, на шмуцтитуле - штамп книжного магазина В. А. Феофанова г. Томск
|
| 317 |
|
|
|5 63413507: М-133102
|a Поступила в НТБ в 1970 г. в составе книжного собрания профессора ТПИ И. Н. Бутакова
|
| 320 |
|
|
|a Приложение: с. 330-334
|
| 320 |
|
|
|a Примечания в тексте
|
| 606 |
1 |
|
|a Термодинамика техническая
|x (теплотехника)
|2 stltpush
|3 (RuTPU)RU\TPU\subj\68640
|9 83835
|
| 610 |
1 |
|
|a газы
|
| 610 |
1 |
|
|a пары
|
| 610 |
1 |
|
|a тепло
|
| 610 |
1 |
|
|a механическая работа
|
| 610 |
1 |
|
|a учебные пособия
|
| 610 |
1 |
|
|a библиотека И. Н. Бутакова
|
| 610 |
1 |
|
|a владельческая надпись
|
| 675 |
|
|
|a 621.1.016.7
|v 3
|
| 675 |
|
|
|a 09
|v 3
|
| 700 |
|
1 |
|a Шюле
|b В.
|
| 702 |
|
1 |
|a Ганицкий
|b И. М.
|4 340
|4 730
|4 080
|
| 702 |
|
1 |
|a Усенко
|b Т. Т.
|4 730
|
| 702 |
|
1 |
|a Рамзин
|b Л. К.
|4 730
|
| 702 |
|
1 |
|a Гранин
|b С. Н.
|4 730
|
| 801 |
|
1 |
|a RU
|b 63413507
|c 20141124
|
| 801 |
|
2 |
|a RU
|b 63413507
|c 20190909
|g RCR
|
| 942 |
|
|
|c BK
|